[Event "13th Leiden Open 2019"]
[Site "Leiden"]
[Date "2019.07.21"]
[Round "9.6"]
[White "Beerdsen, Thomas"]
[Black "Chanda, Sandipan"]
[Result "1/2-1/2"]
[WhiteElo "2497"]
[BlackElo "2516"]
[Annotator "ChessBase"]
[PlyCount "49"]
[EventDate "2019.07.08"]
[EventType "swiss"]
[EventCountry "NED"]
[SourceTitle "playchess.com"]
[Source "ChessBase"]
[SourceQuality "1"]
[TimeControl "40/5400+30:1800+30"]

1. e4 {[%emt 0:00:00]} c5 {[%emt 0:00:00]} 2. Nf3 {[%emt 0:00:00]} d6 {[%emt 0:00:00]} 3. d4 {[%emt 0:00:00]} cxd4 {[%emt 0:00:00]} 4. Nxd4 {[%emt 0:00:00]} Nf6 {[%emt 0:00:03]} 5. Nc3 {[%emt 0:00:00]} a6 {[%emt 0:00:10]} 6. h3 {[%emt 0:00:00]} e6 {[%emt 0:00:08]} 7. g4 {[%emt 0:00:03]} Nfd7 {[%emt 0:00:10]} 8. g5 {[%emt 0:00:06]} b5 {[%emt 0:00:08]} 9. a3 {[%emt 0:00:09]} Bb7 {[%emt 0:00:07]} 10. h4 {[%emt 0:02:04]} Be7 {[%emt 0:00:47]} 11. Be3 {[%emt 0:00:09]} Nc6 {[%emt 0:00:07]} 12. Qe2 {[%emt 0:00:07]} Nxd4 {[%emt 0:05:34]} 13. Bxd4 {[%emt 0:00:06]} e5 {[%emt 0:00:08]} 14. Be3 {[%emt 0:00:06]} Rc8 {[%emt 0:00:06]} 15. Bh3 {[%emt 0:08:28]} Rc4 {[%emt 0:12:35]} 16. a4 {[%emt 0:07:50]} O-O {[%emt 0:02:27]} 17. axb5 {[%emt 0:05:20]} axb5 {[%emt 0:01:24]} 18. Ra7 {[%emt 0:14:33]} Bc6 {[%emt 0:01:01]} 19. Bxd7 {[%emt 0:21:32]} Bxd7 {[%emt 0:00:13]} 20. Nd5 {[%emt 0:00:21]} Ra4 {[%emt 0:07:24]} 21. Rxa4 {[%emt 0:02:30]} bxa4 {[%emt 0:04:14]} 22. Qa6 {[%emt 0:01:11]} Qe8 {[%emt 0:09:25]} 23. O-O {[%emt 0:05:39]} f5 {[%emt 0:02:31]} 24. exf5 {[%emt 0:07:40]} Bxf5 {[%emt 0:02:02]} 25. Nxe7+ {[%emt 0:04:14]} 1/2-1/2

[Event "13th Leiden Open 2019"]
[Site "Leiden"]
[Date "2019.07.21"]
[Round "9.7"]
[White "Ikonnikov, Vyacheslav"]
[Black "Roorda, Thijs"]
[Result "1/2-1/2"]
[WhiteElo "2499"]
[BlackElo "2108"]
[Annotator "TA"]
[PlyCount "109"]
[EventDate "2019.07.08"]
[EventType "swiss"]
[EventCountry "NED"]
[SourceTitle "playchess.com"]
[Source "ChessBase"]
[SourceQuality "1"]

{[%evp 13,109,35,56,58,54,51,62,62,97,93,85,104,104,105,101,97,89,78,86,41,62,66,72,13,17,-37,0,-2,0,-21,-20,-75,-49,-50,-45,-174,-172,-176,-159,-255,-265,-253,-216,-194,-171,-163,-124,-137,-131,-167,-161,-412,-404,-397,-397,-388,-382,-382,-381,-348,-337,-337,-317,-214,-83,-92,-87,-79,-72,-205,-205,-193,-176,-150,-84,-205,-203,-218,-218,-218,-218,-206,0,0,0,0,0,0,0,0,0,0,0,0,0,0,0,0]} 1. d4 e6 2. c4 f5 3. g3 Nf6 4. Bg2 Be7 5. Nf3 O-O 6. O-O d6 7. Nc3 Ne4 8. Nxe4 {A96: Classical Dutch: Fluid Systems: Early deviations} (8. Qc2 Nxc3 9. bxc3 Nc6 10. d5 Na5 11. dxe6 Bxe6 12. Nd4 Bxc4 13. Nxf5 Bf6 14. Ne3 Bf7 15. Be4 h6 16. Rb1 Kh8 17. c4 {½-½ (25) Ding,L (2777)-Kravtsiv,M (2665) Tbilisi 2017}) 8... fxe4 9. Nd2 d5 10. f3 {White is slightly better.} dxc4 11. Nxe4 Nd7 $146 ({Predecessor:} 11... b5 12. f4 c6 13. a4 b4 14. Be3 Nd7 15. a5 Qc7 {1-0 (25) Hoenick,A (2097)-Dijon,F (1965) Calvia 2015}) 12. Be3 b5 13. a4 b4 14. Bf2 a5 15. Qc2 Nb6 16. f4 Rb8 17. Nc5 Qe8 18. b3 (18. e4 $16) 18... c3 $11 19. Qd3 (19. e4 $11) 19... c6 (19... Bxc5 $5 20. dxc5 Nd5 $11) 20. Be4 g6 21. h4 Nd5 22. h5 (22. Qc4 $11 {remains equal.}) 22... gxh5 $17 23. Bxh7+ Kh8 24. Bg6 {[#]} ({White should try} 24. Be4 $1 $15) 24... Nxf4 $1 $19 {[%mdl 576] Double Attack} 25. Bxe8 (25. gxf4 Rg8) 25... Nxd3 26. Bxc6 (26. exd3 $17 Rxe8 27. Rae1) 26... Nxf2 ({Not} 26... Rxf2 27. Nxd3 Rxf1+ 28. Kxf1 $17) 27. Rxf2 Rxf2 28. Kxf2 Bxc5 29. dxc5 Bb7 30. Bxb7 Rxb7 $17 {[%mdl 4096] Endgame KR-KR} 31. Rh1 Kg7 $1 32. Ke3 $2 (32. Rxh5 c2 33. Rh1) 32... Rd7 $1 $19 {[%cal Rd7d5]} 33. Rh4 Kf6 34. Rc4 {With the idea c6.} Ke5 35. c6 Rc7 36. Rc5+ {[#]} Kd6 $1 {[%mdl 576] Double Attack} 37. Rxh5 Rxc6 {Threatens to win with ...c2.} 38. Rh1 c2 (38... Ke5 $19 39. Rf1 Rc7) 39. Kd2 $17 Rc3 40. g4 Ke7 41. g5 (41. Kc1 $17 {was worth a try.}) 41... Kf7 $1 $19 ({Less strong is} 41... Rxb3 42. Rh7+ Kf8 43. Kxc2 $15) 42. Kc1 Rxb3 43. Kxc2 {[#] Rf1+ would kill now.} Ra3 ({Better is} 43... Re3 $1 44. Kd2 Ra3 45. Rh7+ Kg6 {[%mdl 64] Double Attack}) 44. Rh7+ (44. Rh6 $17 {was necessary.}) 44... Kg6 {[%mdl 64] Double Attack} 45. Rh6+ Kxg5 46. Rxe6 Rxa4 47. Re3 {[#]} Ra2+ $2 (47... Ra1 $1 $19 {Strongly threatening ...a4.} 48. Kb2 Rf1) 48. Kb1 $11 {The position is equal.} Rd2 {And now ...Kf4 would win.} 49. Re5+ Kf4 (49... Kf6 {is more complex.} 50. Rxa5 Ke6 51. Rb5 Rxe2 52. Rxb4 Kd7) 50. Rxa5 Rxe2 51. Rb5 Re4 52. Kb2 Ke3 53. Kb3 Ke2 54. Rxb4 Rxb4+ 55. Kxb4 {Accuracy: White = 47%, Black = 67%.} 1/2-1/2

[Event "13th Leiden Open 2019"]
[Site "Leiden"]
[Date "2019.07.21"]
[Round "9.8"]
[White "Ivanov, Sergey"]
[Black "Van der Velden, Bram"]
[Result "1-0"]
[WhiteElo "2496"]
[BlackElo "2176"]
[Annotator "TA"]
[PlyCount "27"]
[EventDate "2019.07.08"]
[EventType "swiss"]
[EventCountry "NED"]
[SourceTitle "playchess.com"]
[Source "ChessBase"]
[SourceQuality "1"]

{[%evp 13,75,25,34,34,41,41,38,32,31,33,45,40,46,19,47,14,91,114,111,104,110,85,195,59,204,94,135,139,124,131,254,254,242,275,266,273,255,260,186,256,322,323,323,307,417,416,414,412,414,409,402,395,381,385,371,356,517,517,516,509,565,548,704,617]} 1. d4 d5 2. c4 dxc4 3. e3 e6 4. Bxc4 Nf6 5. Nf3 a6 6. O-O b5 ({Predecessor:} 6... c5 7. Qe2 b5 8. Bd3 Bb7 9. a4 b4 10. Nbd2 Nbd7 11. Nc4 Be7 12. e4 cxd4 13. e5 {½-½ (31) Beaumont,C (2300)-Richardson,J (2308) Birmingham 2002}) 7. Bd3 Bb7 8. Qe2 {D26: Queen's Gambit Accepted: 4 e3 e6 5 Bxc5 c5 sidelines} Nbd7 9. a4 b4 10. e4 {White is slightly better.} Be7 11. Nbd2 c5 12. e5 Nd5 13. Nc4 $146 {[%mdl 2048] White is pushing.} (13. Nb3 cxd4 14. Bd2 Nc5 15. Nxc5 Bxc5 16. Rac1 Be7 17. Qe4 Qd7 18. Qg4 Kf8 19. Qxd4 h6 20. h4 g6 21. Qg4 Kg7 22. Rc4 Rad8 {½-½ (22) Bauer,C (2646)-Hera,I (2619) Belgium 2018}) 13... cxd4 14. Nxd4 {Played: Bc1-g5} 1-0

[Event "13th Leiden Open 2019"]
[Site "Leiden"]
[Date "2019.07.21"]
[Round "9.9"]
[White "Lai, Hing Ting"]
[Black "Van der Werf, Mark"]
[Result "1-0"]
[WhiteElo "2460"]
[BlackElo "2394"]
[Annotator "TA"]
[PlyCount "79"]
[EventDate "2019.07.08"]
[EventType "swiss"]
[EventCountry "NED"]
[SourceTitle "playchess.com"]
[Source "ChessBase"]
[SourceQuality "1"]

{[%evp 18,93,41,41,45,42,45,41,51,35,36,35,59,31,35,36,39,33,53,68,71,68,64,64,182,183,168,64,71,71,102,94,95,93,114,95,79,86,81,66,91,0,0,-12,0,-44,0,-78,0,0,97,72,74,76,166,159,615,602,1112,1110,3156,2050,1536,984,1189,689,530,656,644,641,589,566,1466,1141,29988,29989,29989,29990]} 1. d4 Nf6 2. c4 e6 3. Nf3 c5 4. d5 exd5 5. cxd5 d6 6. Nc3 g6 7. Bf4 a6 8. a4 Bg7 9. h3 O-O 10. e3 Qe7 {A61: Modern Benoni: Nf3 without early e4} 11. Be2 Nbd7 12. O-O Ne8 {White is slightly better.} (12... Rb8 13. Re1 Ne8 14. e4 Ne5 15. Nxe5 Bxe5 16. Qd2 Nf6 17. Bf1 Re8 18. Rad1 Bd4 19. b4 Nh5 20. Bh2 b6 21. b5 {½-½ (21) Ponomariov,R (2663)-Donchenko,A (2607) Germany 2019}) 13. Nd2 Ne5 14. Re1 Nc7 15. Bg3 f5 16. f4 $146 ({Predecessor:} 16. a5 Rb8 17. Qb3 Bd7 18. Bf1 {1-0 (33) Avramidou,A (2259)-Spiranec,N (1957) Montevideo 2017}) 16... Nf7 17. Nc4 Bd7 18. Nb6 Rae8 19. Bd3 Na8 {[#]} 20. Bh4 $1 {[%mdl 512]} g5 (20... Qxh4 $14 21. Nxd7 Rxe3 22. Rxe3 Bd4 23. Nxf8 Bxe3+ 24. Kh1 Kxf8) 21. Nxd7 $18 Qxd7 22. Bg3 ({Don't take} 22. fxg5 $6 Ne5 $14) ({White should play} 22. Qh5 $1 $18) 22... gxf4 $14 23. exf4 Rxe1+ 24. Bxe1 Nc7 25. Kh2 Bxc3 26. bxc3 Nxd5 27. Qf3 Ne7 28. c4 {[%mdl 1024] White has strong compensation.} d5 29. Bf2 (29. cxd5 $16 Re8 30. Qg3+ Ng6 31. Bf2) 29... d4 $11 30. Rb1 Nd6 31. Re1 b6 32. h4 (32. Bh4 $11 Ng6 33. Qd5+ Rf7 34. Bg5) 32... Kh8 ({Black should try} 32... Rf7 $1 $17 33. Rb1 Ndc8) 33. h5 Ng8 (33... Ndc8 $11 {keeps the balance.}) 34. a5 $1 $16 Nf6 35. axb6 Nfe4 {[#]} (35... Nde4 $16 36. Bh4 Rb8) 36. Bh4 $1 $18 Qb7 $2 {[#]} (36... Qf7 $16) 37. g4 $1 fxg4 38. Qxg4 Nf6 {[#]} 39. Qe6 $1 {[%mdl 576] Double Attack} Nde8 {[#]} 40. Qf5 {Played: Qe6-e7} 1-0

[Event "13th Leiden Open 2019"]
[Site "Leiden"]
[Date "2019.07.21"]
[Round "9.10"]
[White "De Jong, Sebastiaan"]
[Black "Bueno, Mark"]
[Result "1/2-1/2"]
[WhiteElo "1942"]
[BlackElo "1976"]
[Annotator "NA"]
[PlyCount "32"]
[EventDate "2019.07.08"]
[EventType "swiss"]
[EventCountry "NED"]
[SourceTitle "playchess.com"]
[Source "ChessBase"]
[SourceQuality "1"]
[TimeControl "40/5400+30:1800+30"]

1. c4 {[%emt 0:00:00]} e5 {[%emt 0:00:00]} 2. Nc3 {[%emt 0:00:00]} Nc6 {[%emt 0:00:00]} 3. g3 {[%emt 0:00:09]} g6 {[%emt 0:00:00]} 4. Bg2 {[%emt 0:00:15]} Bg7 {[%emt 0:00:00]} 5. d3 {[%emt 0:00:56]} d6 {[%emt 0:00:00]} 6. Nf3 {[%emt 0:02:35]} f5 {[%emt 0:00:29]} 7. e4 {[%emt 0:06:18]} Nf6 {[%emt 0:01:35]} 8. a3 {[%emt 0:06:19]} a5 {[%emt 0:02:05]} 9. Rb1 {[%emt 0:02:51]} O-O {[%emt 0:00:24]} 10. h3 {[%emt 0:00:49]} Qe8 {[%emt 0:31:39]} 11. O-O {[%emt 0:11:52]} h6 {[%emt 0:08:41]} 12. Re1 {[%emt 0:11:17]} f4 {[%emt 0:01:31]} 13. Kh2 {[%emt 0:05:30]} g5 {[%emt 0:00:51]} 14. Ng1 {[%emt 0:18:15]} Nd4 {[%emt 0:20:54]} 15. Nce2 {[%emt 0:03:32]} Qh5 {[%emt 0:03:09]} 16. f3 {[%emt 0:07:03]} Ne6 {[%emt 0:06:15]} 1/2-1/2